| 000 | 00480 a2200157 4500 | ||
|---|---|---|---|
| 020 | _a9788131710265 | ||
| 082 | _a629.895 | ||
| 100 |
_aMuhammad Ali Mazidi _991715 |
||
| 245 |
_aThe 8051 microcontroller and embedded systems using assembly and C _cMuhammad Ali Mazidi |
||
| 250 | _a2nd ed. | ||
| 260 |
_aNew Delhi. _bPearson _c2006 |
||
| 300 |
_axii, 547p.: _bill.; _c25cm. |
||
| 700 |
_aJanice Gillispie Mazidi _9113613 |
||
| 700 |
_aRolin D. McKinlay _9113614 |
||
| 942 |
_cBK _2ddc |
||
| 999 |
_c487838 _d487838 |
||